|
|
|
|
| LEADER |
00000nam a2200000Ii 4500 |
| 001 |
DIGUAZUAY0033 |
| 003 |
NyNyDIG |
| 006 |
m o d |
| 007 |
cr ||||||||||| |
| 008 |
251104s2018 ec a o 000 0 spa d |
| 035 |
|
|
|a (OCoLC)1438855934
|
| 040 |
|
|
|a DGITA
|b eng
|e rda
|e pn
|c DGITA
|
| 020 |
|
|
|a 9789942778079
|q eBook
|
| 020 |
|
|
|z 9789942778062
|
| 050 |
1 |
4 |
|a HD62.7 ebook
|
| 100 |
1 |
|
|a Coronel, Iván R.,
|e author.
|
| 245 |
1 |
0 |
|a Modelo de gestión estratégica para pyme con cuadro de mando integral /
|c Iván R. Coronel.
|
| 264 |
|
1 |
|a Cuenca, [Ecuador] :
|b Universidad del Azuay, Casa Editora,
|c [2018]
|
| 300 |
|
|
|a 1 online resource :
|b illustrations.
|
| 336 |
|
|
|a text
|b txt
|2 rdacontent
|
| 337 |
|
|
|a computer
|b c
|2 rdamedia
|
| 338 |
|
|
|a online resource
|b cr
|2 rdacarrier
|
| 347 |
|
|
|a text file
|2 rdaft
|
| 347 |
|
|
|b PDF
|
| 588 |
0 |
|
|a Online resource; title from PDF title page (Digitalia, viewed November 4, 2025)
|
| 650 |
|
0 |
|a Small business
|x Planning.
|
| 650 |
|
0 |
|a Business planning.
|
| 650 |
|
0 |
|a Strategic planning.
|
| 791 |
2 |
|
|a Digitalia (Firm),
|e distributor.
|
| 793 |
0 |
|
|g Digitalia eBook Collection:
|a Universidad del Azuay
|
| 776 |
0 |
8 |
|i Print version:
|a Coronel, Iván R.
|t Modelo de gestión estratégica para pyme con cuadro de mando integral.
|d Cuenca, [Ecuador] : Universidad del Azuay, Casa Editora, [2018]
|z 9789942778062
|
| 856 |
4 |
0 |
|3 Digitalia Hispánica
|u https://www.digitaliapublishing.com/a/133416/
|
| 910 |
|
|
|a Premium collection: 2025
|